Research in teaching of literature (Record no. 2085)

MARC details
000 -LEADER
fixed length control field 00542cam a2200193ua 4500
001 - CONTROL NUMBER
control field 2219
005 - DATE AND TIME OF LATEST TRANSACTION
control field 20260515113448.0
008 - FIXED-LENGTH DATA ELEMENTS--GENERAL INFORMATION
fixed length control field 110802n ii |||gr||||Z||||||eng
020 ## - INTERNATIONAL STANDARD BOOK NUMBER
International Standard Book Number 81-7024-556-7
040 ## - CATALOGING SOURCE
Transcribing agency MAIN
100 1# - MAIN ENTRY--PERSONAL NAME
Personal name Siddiqui, Mujibul Hasan ,
Relator term Author.
245 1# - TITLE STATEMENT
Title Research in teaching of literature
Statement of responsibility, etc. ed. by Mujibul Hasan Siddiqui
250 ## - EDITION STATEMENT
Edition statement 1st.
260 ## - PUBLICATION, DISTRIBUTION, ETC.
Place of publication, distribution, etc. New Delhi:
Name of publisher, distributor, etc. Ashish publishing house,993.
300 ## - PHYSICAL DESCRIPTION
Extent vi; 1191p:
Dimensions 23cm.
653 ## - INDEX TERM--UNCONTROLLED
Uncontrolled term Education
653 ## - INDEX TERM--UNCONTROLLED
Uncontrolled term Research in teaching of literature
942 ## - ADDED ENTRY ELEMENTS (KOHA)
Koha item type Books
Holdings
Withdrawn status Lost status Damaged status Not for loan Home library Current library Shelving location Date acquired Total checkouts Full call number Barcode Date last seen Copy number Price effective from Koha item type
        Naharkatiya College Library Naharkatiya College Library General stacks 09/19/2020   SID 11223 09/19/2020 1 09/19/2020 Books